Fundamentals of Computers (Record no. 10854)

MARC details
000 -LEADER
fixed length control field 00390nam a2200157Ia 4500
008 - FIXED-LENGTH DATA ELEMENTS--GENERAL INFORMATION
fixed length control field 191201s2004 xx 000 0 und d
082 ## - DEWEY DECIMAL CLASSIFICATION NUMBER
Classification number 004
Item number RAF
100 ## - MAIN ENTRY--PERSONAL NAME
Personal name RAJARAMAN, V
245 #0 - TITLE STATEMENT
Title Fundamentals of Computers
250 ## - EDITION STATEMENT
Edition statement 6th
260 ## - PUBLICATION, DISTRIBUTION, ETC. (IMPRINT)
Place of publication, distribution, etc New Delhi
Name of publisher, distributor, etc PHI
Date of publication, distribution, etc 2021
300 ## - PHYSICAL DESCRIPTION
Extent 428
650 ## - SUBJECT ADDED ENTRY--TOPICAL TERM
Topical term or geographic name as entry element Bachelor of Mass Communication
700 ## - ADDED ENTRY--PERSONAL NAME
Personal name ADABALA, Neeharika
942 ## - ADDED ENTRY ELEMENTS (KOHA)
Source of classification or shelving scheme Dewey Decimal Classification
Koha item type Text Books
942 ## - ADDED ENTRY ELEMENTS (KOHA)
-- 7
Holdings
Withdrawn status Lost status Source of classification or shelving scheme Damaged status Not for loan Collection code Home library Current library Date acquired Source of acquisition Currency Cost, normal purchase price Bill Number Total Checkouts Full call number Acc. no. / Barcode Date last seen Date last borrowed Actual Cost, discounted price Bill Date Koha item type
    Dewey Decimal Classification     Bachelor Of Mass Communication PIET NCR College Library PIET NCR College Library 11/08/2021 Kirti Prakashan IN Rupees 395.00 IN2357 1 004 RAF N1904 11/02/2022 03/01/2022 268.60 11/08/2021 Text Books
    Dewey Decimal Classification     Bachelor Of Mass Communication PIET NCR College Library PIET NCR College Library 11/08/2021 Kirti Prakashan IN Rupees 395.00 IN2357 1 004 RAF N1905 05/04/2022 23/03/2022 268.60 11/08/2021 Text Books
    Dewey Decimal Classification     Bachelor Of Mass Communication PIET NCR College Library PIET NCR College Library 11/08/2021 Kirti Prakashan IN Rupees 395.00 IN2357 3 004 RAF N1906 31/03/2022 14/03/2022 268.60 11/08/2021 Text Books
    Dewey Decimal Classification     Bachelor Of Mass Communication PIET NCR College Library PIET NCR College Library 11/08/2021 Kirti Prakashan IN Rupees 395.00 IN2357 2 004 RAF N1907 06/04/2022 23/03/2022 268.60 11/08/2021 Text Books

Design & Developed by: PIET Central Library
R70 Miles Stone Pattikalyana Samalkha Panipat 132102
mail ID :- [email protected], Phone No:- 0180-2569700 Ex.216